Review of the U.S. Climate Change Science Program's draft synthesis and assessement product 2.4 : trends in emissions of ozone depleting substances, ozone layer recovery, and implications for ultraviolet radiation exposure /

Bibliographic Details
Corporate Authors: National Research Council (U.S.). Committee to Review the U.S. Climate Change Science Program's Draft Synthesis and Assessment Product 2.4, National Research Council (U.S.). Board on Atmospheric Sciences and Climate
Format: Book
Language:English
Published: Washington : National Academies Press, [2007]
Subjects:
Online Access:View online options

MARC

Tag First Indicator Second Indicator Subfields
LEADER 00000cam a2200000I 4500
001 in00002376113
005 20151109050426.0
008 080111s2007 dcu b 000 0 eng d
020 |a 0309115256 
020 |a 9780309115254 
035 |a (OCoLC)ocn190778062 
035 |a (OCoLC)190778062 
040 |a YDXCP  |c YDXCP  |d BAKER  |d NRZ  |d UtOrBLW 
049 |a TXAM 
090 |a QC981.8.C5  |b R486 2007 
245 0 0 |a Review of the U.S. Climate Change Science Program's draft synthesis and assessement product 2.4 :  |b trends in emissions of ozone depleting substances, ozone layer recovery, and implications for ultraviolet radiation exposure /  |c Committee to Review the U.S. Climate Change Science Program's Draft Synthesis and Assessment Product 2.4, Board on Atmospheric Sciences and Climate, Divison on Earth and Life Studies, National Research Coucnil of the National Academies. 
264 1 |a Washington :  |b National Academies Press,  |c [2007] 
264 4 |c ©2007 
300 |a ix, 59, 4 pages ;  |c 28 cm. 
336 |a text  |b txt  |2 rdacontent 
337 |a unmediated  |b n  |2 rdamedia 
338 |a volume  |b nc  |2 rdacarrier 
504 |a Includes bibliographical references (pages 55-57). 
530 |a Also available online. 
650 0 |a Climatic changes. 
650 0 |a Atmospheric ozone. 
650 0 |a Greenhouse gases. 
710 2 |a National Research Council (U.S.).  |b Committee to Review the U.S. Climate Change Science Program's Draft Synthesis and Assessment Product 2.4. 
710 2 |a National Research Council (U.S.).  |b Board on Atmospheric Sciences and Climate. 
856 4 1 |u http://www.nap.edu/catalog.php?record_id=12076#toc  |z View online options  |t 0 
938 |a YBP Library Services  |b YANK  |n 2752648 
938 |a Baker & Taylor  |b BKTY  |c 21.00  |d 21.00  |i 0309115256  |n 0007593642  |s active 
945 |a PromptCat  |b 403818 
946 |a stk 
947 |a A14836764150 
994 |a 92  |b TXA 
948 |a cataloged  |b h  |c 2008/5/8  |d c  |e jlanham  |f 9:45:20 am 
999 |a MARS 
999 f f |s 6b767520-acb6-30ee-ace2-b8ed62b1b836  |i 84485e80-eacc-3c4f-9732-15ed44ee68d4  |t 0 
952 f f |p ric  |a Texas A&M University  |b Rellis Campus  |c Joint Library Facility  |d Remote Storage  |t 0  |e QC981.8.C5 R486 2007  |h Library of Congress classification  |i unmediated -- volume  |m A14836764150 
998 f f |a QC981.8.C5 R486 2007  |t 0  |l Remote Storage